Aspectos económicos y jurídicos de Galicia. (Record no. 26169)

MARC details
000 -LEADER
campo de control de longitud fija 00426nam a2200169 i 4500
001 - NÚMERO DE CONTROL
campo de control 26169
003 - IDENTIFICADOR DE NÚMERO DE CONTROL
campo de control ES-MaACL
007 - CAMPO FIJO DE DESCRIPCIÓN FÍSICA--INFORMACIÓN GENERAL
campo de control de longitud fija t|
008 - DATOS DE LONGITUD FIJA--INFORMACIÓN GENERAL
campo de control de longitud fija 030108q1952 sp ||||1| spa d
245 00 - MENCIÓN DEL TÍTULO
Título Aspectos económicos y jurídicos de Galicia.
260 ## - PUBLICACIÓN, DISTRIBUCIÓN, ETC.
Lugar de publicación, distribución, etc. Vigo :
Nombre del editor, distribuidor, etc. Galaxia,
Fecha de publicación, distribución, etc. 195-?
300 ## - DESCRIPCIÓN FÍSICA
Extensión 122 p. ;
Dimensiones 24 cm.
490 1# - MENCIÓN DE SERIE
Mención de serie Grial ;
Designación de volumen o secuencia 4
830 0# - PUNTO DE ACCESO ADICIONAL DE SERIE-TÍTULO UNIFORME
Título uniforme Grial ;
Designación de volumen o secuencia 4
9 (RLIN) 186498
852 ## - LOCALIZACIÓN
Ubicación ES-MaACL
Número de control de estantería E-3452
Holdings
Estatus retirado Estado de pérdida Estado de daño No para préstamo Biblioteca de origen Biblioteca actual Ubicación en estantería Fecha de adquisición Fuente de adquisición Total de préstamos Signatura topográfica completa Código de barras Visto por última vez Precio de reemplazo Tipo de ítem Koha
        Biblioteca del Ateneo de Madrid Biblioteca del Ateneo de Madrid Depósito 2 17/01/2008     E-3452 1027006 23/02/2023 23/02/2023 Libro impreso